| 000 | 00789 a2200265 4500 | ||
|---|---|---|---|
| 001 | 9383 | ||
| 003 | Complexo Educacional Contemporaneo | ||
| 005 | 20230919130231.0 | ||
| 008 | 210317s2008 por d | ||
| 020 | _a9788502073968 | ||
| 040 |
_aComplexo Educacional Contemporaneo _bpor |
||
| 080 | _aREF 030(038) | ||
| 082 | _aREF 030(038) | ||
| 090 |
_aREF 030(038) A526m _bAP _c18.ed |
||
| 100 | _aAmora, Antônio Soares | ||
| 240 | 1 | 0 |
_aMinidicionário Soares Amora da Língua Portuguesa _lPortuguês |
| 250 | _a18.ed | ||
| 260 |
_aSão Paulo _bSaraiva _c2008 |
||
| 300 | _a818p. | ||
| 362 | 0 | _a(2008) | |
| 650 | 4 | _aDicionário | |
| 650 | 4 | _aLingua Portuguêsa | |
| 245 | 1 | 0 | _aMinidicionário Soares Amora da Língua Portuguesa |
| 999 |
_c9383 _d9383 |
||